000 01304nam a2200373 4500
999 _c24101
_d24101
001 vtls012229527
005 20251219141932.0
008 230515s2023 xo gr 000 fdslo
020 _a9788022025225
_q(viazané)
040 _aSNK
_bslo
_cSNK
_erda
041 1 _aslo
_heng
044 _axo
_cSK
072 7 _a821.111-3
_xAnglická próza, anglicky písaná
_2konspekt
080 _a821.111-31
_22011
080 _a(0:82-312.4)
_22011
100 1 _aDahl, Alex,
_d1982-
_4aut
_92133
240 1 0 _aAfter she'd gone
_lSlovensky
245 1 0 _aKeď zmizla
_cAlex Dahl ; z anglického originálu After she'd gone ... preložila Lenka Cinková
250 _aPrvé vydanie
264 1 _aBratislava
_bSlovenský spisovateľ a.s.
_c2023
300 _a372 strán
_c21 cm
336 _atext
_btxt
_2rdacontent
337 _abez média
_bn
_2rdamedia
338 _azväzok
_bnc
_2rdacarrier
500 _aObsahuje biografické údaje o autorke na záložke prebalu publikácie
655 7 _aanglicky písané romány
_2SNKPH
_93616
655 7 _atrilery (romány)
_2SNKPH
_92135
655 7 _aFiction in English
_2SNKPHeng
_93617
655 7 _aThrillers (novels)
_2SNKPHeng
_91722
700 1 _aCinková, Lenka,
_d1987-
_4trl
_92137
958 _aLX
958 _aUP